Stacje i przystanki kolejowe na linii kolejowej nr 17 - Statystyki

Ogólne statystyki
  • Ten quiz został rozwiązany 11 razy
  • Średni wynik to 7 z 9
Statystyki odpowiedzi
Hint Odpowiedź % Poprawnych
9 Koluszki
100%
1 Łódź Fabryczna
100%
3 Łódź Widzew
100%
4 Łódź Andrzejów
90%
2 Łódź Niciarniana
90%
5 Bedoń
70%
7 Gałkówek
70%
6 Justynów
60%
8 Zakowice
50%
Nie znaleziono quizów pasujących do podanych kryteriów
Rozkład punktacji
Procent ludzi z każdym wynikiem
Percentyl według liczby udzielonych odpowiedzi
Twoja historia wyników
Nie rozwiązałeś tego quizu